000 00997cam a22003377a 4500
003 CHAP
005 20220817043144.0
008 971013s1983 r 00010 d
010 _a66942
011 _a67914
035 _a77386
040 _cCHAP
082 _a634.9618
_bF3
110 2 _aFAO
245 1 3 _aLa lucha contra los incendios forestales
260 _aRoma :
_bFAO,
_c1983
300 _a131 p.
_b: ilus.
490 0 _aFAO. Montes
_v; 6
590 _aBATCH-UPD
_b10
_c20130110
_lUCH01
_h0825
590 _aBATCH-UPD
_b10
_c20130410
_lUCH01
_h0503
590 _aBATCH-UPD
_b10
_c20130914
_lUCH01
_h0718
590 _aCONVERSION
_b10
_c20130109
_lUCH01
_h1337
650 1 4 _aBosques
_xIncendios
_xControl.
_914218
650 1 4 _aBosques
_xIncendios
_xPrevención.
_914225
700 0 _aClarke, B.
_923643
700 0 _aShow, S. B.
_9105750
830 0 _aFAO. Montes
_v; 6
_939632
901 _aBK
942 _cLIBRO
949 _a634.9618 F3
_bBC
_cFAO
_d-30255
_eFAO1
_gI.130561
_h67932
_i77386
_si
999 _c66942
_d66942